000 00729nam a2200229 a 4500
999 _c1229
_d1229
001 1229
003 BD-JhCC
005 20171017085749.0
008 171017s1973 bg |||| |||| 00| 0 ben d
020 _a9844014376
035 _a(BD-JhCC)1229
040 _aBD-JhCC
_dBD-JhCC
041 _aben
082 _a891.4409
_bAZA 1973
100 _aআজাদ, হুমায়ুন
245 _aরবীন্দ্র প্রবন্ধ রাষ্ট্র ও সমাজচিন্তা /
_cহুমায়ুন আজাদ
260 _aঢাকা :
_bআগামী প্রকাশনী,
_c1973.
300 _a144 p. :
_c21 cm.
650 _aBengali literature
942 _2ddc
_cBK